000 01002cam a2200313 i 4500
001 19053833
003 OSt
005 20230602114600.0
008 160413s2014 ke a 000 0 eng
010 _a 2015333274
020 _a9789966074775
040 _aDLC
_beng
_cDLC
_erda
042 _alcode
_apcc
043 _af-ke---
082 _a920
_bSG
100 1 _aTanui, Kipkoech.
245 1 0 _aMoi at 90 :
_bH.E. Daniel Arap Moi celebrates his ninetieth birthday /
_cKipkoech Tanui, Alex Ndegwa.
264 1 _aNairobi :
_bSG Standard Group,
_c[2014]
300 _a236 pages :
_billustrations (chiefly color) ;
_c25 x 35 cm
336 _atext
_2rdacontent
337 _aunmediated
_2rdamedia
338 _avolume
_2rdacarrier
600 1 0 _aMoi, Daniel Arap,
_d1924-
_vPictorial works.
650 0 _aEx-presidents
_zKenya
_vPictorial works.
700 1 _aNdegwa, Alex.
906 _a7
_bcbc
_corigode
_d3
_encip
_f20
_gy-gencatlg
942 _2ddc
_cBK
999 _c109
_d109